000 00241nam a2200097Ia 4500
001 734165
005 20250826163828.0
008 250824s9999 xx 000 0 und d
245 0 _aHIZLI OKUMA TEKNİKLERİ
_cADİL MAVİŞ
260 _bYEDİVEREN
999 _c734165
_d734165